الطلاق فى الشريعة الإسلامية و القانون : (Record no. 15803)
[ view plain ]
| 000 -الفاتح | |
|---|---|
| حقل البيانات ثابتة الطول | 00729nam a22001577a 4500 |
| 008 - عناصر البيانات ثابتة الطول - معلومات عامة | |
| حقل البيانات ثابتة الطول | 110810t1967 xxu||||g |||| 000 0 ara d |
| 082 ## - رقم تصنيف ديوى العشرى | |
| رقم الطبعة | 22 |
| رقم التصنيف | 254.2 |
| رقم المادة | غ ن د |
| 100 ## - المدخل الرئيسى - إسم شخصى | |
| 9 (RLIN) | 26635 |
| الإسم الشخصى | الغندور،أحمد |
| 245 ## - بيان العنوان | |
| العنوان | الطلاق فى الشريعة الإسلامية و القانون : |
| بقية العنوان | بحث مقارن/ |
| بيان المسئوليه,etc | تأليف أحمد الغندور |
| 260 ## - PUBLICATION, DISTRIBUTION, ETC. (IMPRINT) | |
| مكان الناشر او الموزع | القاهرة : |
| اسم الناشر او الموزع | دار المعارف ،1967. |
| تاريخ النشر أو التوزيع | 1967. |
| 300 ## - الوصف المادى | |
| التعداد | 315ص، |
| أبعاد الوعاء | 24سم. |
| 650 ## - المدخل الاضافى بالموضوع-مصطلح موضوعى | |
| 9 (RLIN) | 21611 |
| مصطلح موضوعي أو اسم جغرافي كعنصر مدخل | الطلاق (الشريعة الإسلامية) |
| 653 ## - مصطلح تكشيفى غير مقيد | |
| Resource For college | |
| Arrived date list | August2011 |
| 942 ## - عناصر المدخل الإضافي( كوها) | |
| مصدر التصنيف او مخطط الترفيف | Dewey Decimal Classification |
| Koha [default] item type | Book - Borrowing |
| حالة التراجع | حالة الفقد | مصدر التصنيف او خطة الترفيف | حالة تلف | ليس للاعارة | مجموعات كوها | المكان الدائم | المكان الحالي | موقع الترفيف | تاريخ الاكتساب | Source of acquisition | رقم الاستدعاء | الباركود | Date last seen | مُعار | نوع الوعاء |
|---|---|---|---|---|---|---|---|---|---|---|---|---|---|---|---|
| Dewey Decimal Classification | Alef-Baa | Central Library | Central Library | Lower Floor | 10/08/2011 | Donation | 254.2 غ ن د | 000024446 | 15/07/2025 | 22/09/2019 | Book - Borrowing |